| 000 | 00983nam a2200229Ia 4500 | ||
|---|---|---|---|
| 999 |
_c34540 _d34540 |
||
| 001 | 295 | ||
| 003 | GE_BSU | ||
| 005 | 20200203164109.0 | ||
| 008 | 181216s2005||||ge |||||||||||||| ||geo|| | ||
| 020 | _a9994081500 | ||
| 040 | _cGE_BSU | ||
| 041 | _ageo | ||
| 080 | _a330 ა-87 | ||
| 100 |
_aასათიანი, როზეტა _96729 |
||
| 245 |
_aეკონომიკური თეორია და ეკონომიქსი : _bერთიანობა და განსხვავება / _cროზეტა ასათიანი; [მეცნ.-რედ.: თეიმურაზ ბერიძე]. |
||
| 264 |
_aთბილისი : _bსიახლე, _c2005. |
||
| 300 |
_a36 გვ.; _b13 სმ. |
||
| 653 | _aეკონომიკური თეორია | ||
| 653 | _aეკონომიქსი | ||
| 700 |
_aბერიძე, თეიმურაზ _eრედაქტორი _95931 |
||
| 942 |
_cBK _2udc |
||